Cenotvorba v hotelierstve bakalárska práca

Salvato in:
Dettagli Bibliografici
Autore principale: Bendíková, Jana Terézia
Ente Autore: Podnikovohospodárska fakulta EU so sídlom v Košiciach. Katedra ekonómie a manažmentu
Altri autori: Freňáková, Magdaléna, 1981-
Natura: Libro
Lingua:slovacco
Pubblicazione: Košice 2024
Tags: Aggiungi Tag
Nessun Tag, puoi essere il primo ad aggiungerne!!

MARC

LEADER 00000nbm a2200000 4500
001 0301470
005 20250303083233.4
041 0 |a slo 
044 |a SK 
245 1 0 |a Cenotvorba v hotelierstve  |b bakalárska práca  |c Jana Terézia Bendíková ; školiteľ: Magdaléna Freňáková 
264 1 |a Košice  |c 2024 
300 |a 73 s. 
100 1 |a Bendíková, Jana Terézia 
700 1 |a Freňáková, Magdaléna, 1981- 
710 2 |a Podnikovohospodárska fakulta EU so sídlom v Košiciach. Katedra ekonómie a manažmentu